[Event "London Classic op 7th"]
[Site "London"]
[Date "2015.12.06"]
[Round "4"]
[White "Rambaldi, Francesco"]
[Black "Williams, Simon Kim"]
[Result "1-0"]
[WhiteElo "2560"]
[BlackElo "2439"]
[Annotator "Gormally,D"]
[PlyCount "73"]
[EventDate "2015.12.04"]
[EventType "swiss"]
[EventRounds "9"]
[EventCountry "ENG"]
[SourceTitle "CBM 170"]
[Source "ChessBase"]
[SourceDate "2016.01.15"]
[SourceVersion "1"]
[SourceVersionDate "2016.01.15"]
[SourceQuality "1"]

1. e4 c5 2. Nf3 d6 3. Bb5+ Nc6 4. O-O Bd7 5. Re1 Nf6 6. c3 a6 7. Bf1 e5 8. d4
cxd4 9. cxd4 Bg4 10. d5 Nd4 $1 11. Be3 {White now gains a strategic advantage
on the queenside, but in return he has to suffer with doubled pawns, which
should give Black plenty of attacking chances on the kingside.} Nxf3+ 12. gxf3
Bd7 $1 {Black will eventually break with ...f5, so this is the right diagonal
for the bishop} (12... Bh5 {however is also playable, if slightly more passive.
} 13. Qb3 Qd7 14. Nd2 Be7 15. Bg2 O-O 16. Nc4 Bd8 17. Nb6 (17. a4 $5 {as Nb6
can be played at any time}) 17... Bxb6 18. Qxb6 Rfc8 19. Rac1 Ne8 20. f4 $1 {
McShane,L (2615)-Romanov,E (2588) Germany 2010, with a pleasant edge for White.
}) 13. a4 (13. Nd2 b5 14. a4 Be7 15. axb5 axb5 16. Qb3 O-O 17. Rec1 h6 18. Rxa8
Qxa8 19. Qa3 Qxa3 20. bxa3 Ra8 21. Rc3 Ne8 22. Rb3 {Yu,Y (2626)-Mahjoob,M 
(2424) Zaozhuang 2012, and White only had a small edge in the ending.}) 13...
Be7 (13... Nh5 14. Qb3 g5 $6 (14... Be7 $1 15. Qxb7 O-O {would develop along
similar lines to our main game}) 15. Qxb7 Rg8 16. Nd2 g4 17. fxg4 Rb8 18. Qxa6
Rxg4+ 19. Kh1 {Wei,Y (2501)-Vachier Lagrave,M (2715) Reykjavik 2013, and as
the black king is still on e8, his attack appears unsound and indeed White
went on to win.}) 14. Qb3 {White immediately goes after the b-pawn, this is
the most direct way of playing.} (14. Na3 O-O 15. Nc4 {might be a safer way of
playing. White just plays for a positional edge while the black b-pawn remains
weak.} Nh5 16. Bb6 (16. Nb6 Rb8 17. Kh1 Be8 18. a5 Bg5 19. Bd3 Nf4 20. Rg1 f6 {
also seemed to give Black excellent practical chances at least in Areshchenko,
A (2694)-Moiseenko,A (2679) Kiev 2011}) 16... Qe8 17. Kh1 f5 $1 {the typical
break.} 18. exf5 Bxf5 {Bacrot,E (2697)-Moiseenko,A (2692) Berlin 2015, and
Black had a free, easy game and went on to win.}) 14... O-O 15. Qxb7 Rb8 {
Only this is a novelty.} ({Previously Black players had generally preferred} 
15... Nh5 {when play proceeds along similar lines to our main game, where
Black will try to open up lines on the kingside with a subsequent ...f5. 
Simon however never worries too much about giving up pawns. All he really
cares about is mating the opponent's king.}) 16. Qxa6 Nh5 17. Nd2 f5 18. Nc4
fxe4 19. fxe4 Bc8 20. Qa7 Rb7 21. Qa5 Qe8 {I was watching the game live at
this point and was starting to like Simon's chances.  Normally in the Dutch
Defence he'll play ...Qe8 at some point and try to go for a kingside attack,
so this is his kind of position. Simon is a very popular commentator because
he approaches every game from the perspective of trying to attack the other
guy's king. That appeals much more to the average player than some bore
droning on about pawn structures or eulogising about the latest novelty on
move 127 in the Berlin Defence. It doesn't tend to matter about the opposition,
if Simon gets the kind of attacking position that he thrives in then he has
very good chances indeed. The list of scalps who have fallen foul of his
uniquely creative attacking play include names like Boris Gelfand and Ivan
Sokolov. Here White is two pawns up and of course if you turn on the engine it
just says that White is winning. Computers love material. However look deeper
and he has serious problems - his kingside is bereft of defenders. And he has
a passed a-pawn but so what - even if it gets to a8 it still isn't threatening
anything, so Black has lots of time.} 22. Bg2 Qg6 23. Kh1 Bh4 {Dark
culmulo-nimbus are starting to gather threateningly around the white monarch.}
(23... Nf4 24. Bxf4 exf4 25. Bf3 Bg4 26. Qc3 $1 {doesn't seem to work for
Black.} Bf6 27. Qd3 Bxb2 28. Rab1 Rfb8 29. a5 $18) 24. Rf1 Rbf7 25. Qb6 Rf6 26.
a5 Qg4 $1 27. f3 $1 (27. a6 $2 {pays too little respect to Black's impending
attack and unsurprisingly is duly punished.} Rg6 28. Rg1 Ng3+ $1 {this is the
problem} 29. fxg3 (29. hxg3 Bxg3 30. fxg3 Qh5+ $19) 29... Bxg3 {leaves White
in all sorts of trouble. Well actually he's just going to be mated.}) (27. h3
$2 Qe2 $1 {is a nasty queen jump that White has serious problems dealing with.
Naturally I would prefer the retreat ...Qg6, because I would prefer to keep
the queen on the g-file with a view to attacking the White king, but in fact
this is just a very strong idea.} (27... Qg6 $6 {creates a threat of ...Rf3.}
28. a6 $1 (28. Nd2 Nf4 29. Bxf4 Rxf4 30. a6 Bxf2 {looks good for Black, for
example} 31. Qc6 (31. Rxf2 Rxf2 32. Rg1 Rxd2 $19) 31... Qh5 {with seemingly a
strong attack on the kingside, but this is not as convincing as the lines with
...Qe2! as White has} 32. Qc3 $1 (32. Ra3 $1 $13)) 28... Bxh3 29. Bxh3 Qxe4+)
28. Nxd6 $6 {White now experiences problems with the pin on his knight} (28. b3
Nf4 $1 (28... Bxf2 29. Bxf2 Rxf2 30. Rxf2 Rxf2 31. Qd8+ Rf8 32. Qh4 {allows
White to consolidate somewhat, even if Black still has chances of attack after}
Nf4 33. Rg1 Nd3 $13) 29. Rfe1 Qh5 30. Bxf4 exf4 {is just horrible for White.})
28... Bxf2 (28... Nf4 $1 {is very dangerous now. The white king is starting to
feel very lonely. This also opens up the possibility of the Black queen
dropping back to h5.} 29. Rae1 (29. Bxf4 exf4 30. Rfe1 (30. f3 Rg6 $1 31. Rg1
Bxh3 32. Bxh3 Qxf3+ 33. Bg2 Qh5 {with a mating attack}) 30... Qh5 31. e5 Bxh3
$1 {a killing blow} 32. exf6 (32. Bxh3 Bg3 $1 33. Kg2 f3+) 32... Bxg2+ 33. Kxg2
f3+ {again all these variations just demonstrate how dangerous Black's attack
is with so few defenders around the white king.}) 29... Qh5 30. Nxc8 Nxg2 31.
Kxg2 Rg6+ $1 {the sting in the tail and Black wins;}) (28... Rg6 {looks
promising with visions of taking on h3 until you see} 29. Qb5 $1 Bxh3 $2 30.
Qxe2 Bxg2+ 31. Kh2 Bf3 32. Qxf3 Rxf3 33. Nf5 $18) (28... Bxh3 29. Bxh3 Qf3+ 30.
Bg2 $18) 29. Bxf2 Rxf2 30. Rxf2 Rxf2 31. Qd8+ $1 {the key move} Rf8 32. Qg5
Qxb2 33. Rg1 {and White has beaten off the attack while remaining with an
extra pawn.}) 27... Rxf3 $2 {Simon pushes his chips all in, but in this case
it's simply a mistake.} ({The calm retreat} 27... Qg6 $1 {[%mdl 128] would
have given White a much bigger headache. This may have looked rather slow to
Simon, going ...Qg4 and then back to g6, but a fresh weakness has been opened
up on g3.} 28. Rfc1 {White needs to try and run for the hills with his king.} (
28. Bf2 Nf4 29. Ne3 Qh5 {and with ...Rh6 coming Black's attack is obvious, for
example} 30. Bg1 Nxg2 31. Nxg2 Bg3 $40) (28. a6 Ng3+ 29. Kg1 $2 (29. hxg3 Bxg3
30. Kg1 Qh5 31. Rf2 Qh2+ 32. Kf1 Bxf2 33. Bxf2 Bh3 {and it looks at first
glance as if White can resign here, but he has certain counterplay associated
with his a-pawn; the variation continues something like} 34. a7 Qxg2+ 35. Ke2
Qxf3+ 36. Kd2 Qxe4 (36... Qxf2+ 37. Qxf2 Rxf2+ 38. Kc3 Ra8 39. Nb6 Rxa7 40.
Rxa7 h5 {is also good for Black but nothing like as much fun}) 37. a8=Q Qxc4 {
with an insane position, but one that seems be winning for Black as his attack
is too strong. The two queens are curiously impotent here.}) 29... Nxf1 30.
Rxf1 (30. Kxf1 Rxf3+ $19) 30... Bh3) 28... Ng3+ 29. Kg1 (29. hxg3 Bxg3 30. Kg1
Qh5 (30... Rxf3 $2 31. Bxf3 Rxf3 {is a tempting line but just doesn't work,
White wins with} 32. Qd8+ Rf8 33. Qg5 Bf2+ 34. Kh2 Qxe4 35. Nxd6) 31. Rc2 Qh2+
32. Kf1 {leads to a very interesting position.} Rxf3+ 33. Ke2 Qxg2+ 34. Kd3 Bf2
{seems to lead to some kind of rough equality}) 29... Ne2+ 30. Kh1 Bg3 $1) 28.
Nd2 $1 (28. Rxf3 $1 Rxf3 29. Nxd6 {is also winning for White.}) 28... Bd8 29.
Qxd6 Rxf1+ 30. Rxf1 Nf4 31. Bxf4 exf4 32. Nf3 Bxa5 33. e5 Bf5 34. e6 Qh5 35. e7
Re8 36. b4 Bd3 37. Re1 1-0

[Event "Golden Sands Europe op 2nd"]
[Site "Golden Sands"]
[Date "2013.06.16"]
[Round "7"]
[White "Stany, George Anthony"]
[Black "Grover, Sahaj"]
[Result "0-1"]
[WhiteElo "2384"]
[BlackElo "2478"]
[Annotator "Grover,S"]
[PlyCount "58"]
[EventDate "2013.06.10"]
[EventType "swiss"]
[EventRounds "9"]
[EventCountry "BUL"]
[SourceTitle "CBM 155"]
[Source "ChessBase"]
[SourceDate "2013.07.16"]
[SourceVersion "1"]
[SourceVersionDate "2013.07.16"]
[SourceQuality "1"]

{There was huge participation from India in the Golden Sands tournament, the
reason being that the Indian federation decided to field senior, junior and
sub-junior teams here. There were 34 of us in all plus some more who were
already present. I think it was impossible not to have to face a compatriot in
such a tournament.} 1. e4 c5 2. Nf3 d6 3. Bb5+ Nd7 4. d4 (4. O-O a6 5. Bd3 {
is another way to go.}) 4... cxd4 5. Qxd4 a6 6. Bxd7+ Bxd7 7. c4 {I'm not a
big fan of this move order. I would've castled first. However just while I was
checking the lines post this game, I came across Tiviakov-Anand 1-0, that
forced a rethink.} (7. Bg5) 7... Nf6 8. Nc3 (8. Bg5 $5) 8... g6 $5 {A bit
unusual in such setups, Black usually pushes the e-pawn early and then
switches to defensive mode.} 9. b3 {This move, came after a 45 minute think. I
kept wondering the whole time...} (9. Nd5 {is harmless in view of} Bg7 10. Bg5
O-O 11. Bxf6 exf6 12. O-O f5 {and Black has no complaints.}) 9... Bg7 10. Bb2
O-O 11. O-O Bc6 $5 {I really liked this move when I played it. Instantly Nxe4
is threatened and I had worked out a plan against the obvious...} 12. Nd5 e5
13. Qe3 (13. Nxf6+ {came into consideration} Qxf6 14. Qe3 (14. Qd3 b5 15. Rfd1
Rfd8 16. Rac1 bxc4 17. Qxc4 Bb5 18. Qc3 Bh6 {is a pleasure for Black}) 14...
Qf4) 13... Nxd5 14. cxd5 Bb5 {I had already started to feel on the plus side
but probably that was a slightly harsh judgement of White's position.} 15. Rfe1
f5 16. a4 (16. exf5 gxf5 {[%csl Rg2,Rg6][%cal Rg8h8,Rf8g8,Rf8f6,Rf6g6]}) 16...
f4 $2 {This move deserves a question mark, not only because of its drawbacks
but also because this was hardly the time to commit to such a move.} 17. Qc3
Be8 18. Rac1 Rf7 $1 {Black doesnt have much to worry about, as White's every
threat can be defended at the moment, my fear was that White would try for
Nd2-c4 eventually, but that did not happen.} 19. Ba3 g5 $5 {Black starts to
threaten something!} 20. h3 h5 21. Nh2 b5 $1 {The intermezzo I was hoping for.
I knew White's king would try to escape through f1-e2 and so on, so I just
wanted to open the b5-square for my bishop, and after a5 - try for b4 -... Bb5
if necessary. This position has striking similarities to the King's Indian
Classical System in which Black goes for the kingside attack.} 22. a5 (22. axb5
Bxb5) 22... Bf8 {Here I had a very cheap trick in mind :), otherwise I would
have definitely opted for Qf6-g6 and maybe tried for ...g4 afterwards. This is
also logical, however, I wanted to provoke Qc7, having seen that the lady
might get stuck there.} 23. Re2 $2 {First mistake!} (23. f3 {and now maybe try
for Kf2-e2 and so on, and White holds for a while at least.}) 23... Bd7 $5 24.
Qc7 $2 {Mission accomplished. Now the main motif behind b5 is clear!} (24. f3 {
isn't very effective in view of:} Rc8 25. Qe1 Rxc1 26. Bxc1 Qc8 {with the idea
of ...g4.}) 24... Qe8 {Oops. Now White has some serious problems.} 25. Qb6 $2 {
Too late..} (25. Qc2 g4 $19) 25... Rb8 26. Rec2 (26. Qxa6 b4 $19) 26... Rxb6
27. axb6 Qb8 28. Nf3 b4 29. Bxb4 Qxb6 0-1

[Event "Veterans-Women"]
[Site "Monte Carlo"]
[Date "1994.??.??"]
[Round "10"]
[White "Ivkov, Borislav"]
[Black "Chiburdanidze, Maia"]
[Result "0-1"]
[WhiteElo "2485"]
[BlackElo "2520"]
[Annotator "Hansen,Cu"]
[PlyCount "86"]
[EventDate "1994.06.??"]
[EventType "schev"]
[EventRounds "6"]
[EventCountry "MNC"]
[SourceTitle "CBM 042"]
[Source "ChessBase"]
[SourceDate "1994.10.01"]
[SourceVersion "1"]
[SourceVersionDate "1994.10.01"]
[SourceQuality "1"]

1. e4 c5 2. Nf3 d6 3. Bb5+ Nd7 4. d4 Ngf6 5. Nc3 cxd4 6. Qxd4 e5 7. Qd3 h6 8.
Be3 Be7 9. h3 (9. O-O a6 (9... O-O 10. Rad1 (10. Bc4 Nb6 (10... Kh8 11. Rfd1
Nb6 12. Bxb6 Qxb6 13. Nd5 Nxd5 14. Bxd5 {0,5/Cigan,S-Popovic,P/
Portoroz-Ljubljana/1985/}) 11. Bb3 Be6 12. Nd2 (12. Nh4 Qd7 (12... Rc8 13. Ng6
Re8 14. Rfd1 Nc4 {0,5/Weinstein,N-Henley,R/Lone Pine/1978/} 15. Bxc4 Rxc4 16.
Nxe7+ Qxe7 17. Qxd6 Qxd6 18. Rxd6 Nxe4 19. Nxe4 Rxe4 20. b3 a6 21. c4 $14 {
Chandler,M-Mestel,J/Brighton/1984/}) 13. Bxe6 fxe6 14. Nb5 Nc8 15. Ng6 Rd8 16.
c4 a6 17. Nc3 Qe8 18. Nxe7+ Nxe7 19. Rad1 $14 {Kuprejchik,V-Polugaevsky,L/USSR/
1976/}) (12. Rad1 Rc8 13. Bxb6 Qxb6 14. Nh4 Rfd8 15. Ng6 Bf8 16. Nxf8 Kxf8 $10
{Dankert,P-Shuh,H/BL/1981/}) (12. Rfd1 Rc8 13. Qb5 Nfd7 14. Bxb6 Qxb6 15. Bxe6
Qxb5 16. Nxb5 fxe6 17. Rd2 Nf6 18. Re1 Rc6 19. Nxa7 Rb6 20. c4 $16 {Dehmelt,
K-Popovych,O/Philadelphia/1989/}) 12... Rc8 13. Rfd1 a6 14. Bxb6 Qxb6 15. Nf1
g6 16. Ne3 Kg7 $14 {Szmetan,J-Byrne,R/Torremolinos/1976/}) 10... a6 11. Bc4 Qc7
12. a4 Nc5 13. Bxc5 Qxc5 14. Nd5 Nxd5 15. Bxd5 Rb8 $10 {Dunne,A-Kasparov,G/
Wch-kadet/1976/}) 10. Bc4 Qc7 11. Nh4 g6 12. g3 b5 13. Bd5 Bb7 14. Bxb7 Qxb7
15. Ng2 Rc8 $10 {Stanciu,T-Suba,M/Romania/1985/}) (9. Nd2 O-O 10. f3 Qc7 11.
O-O-O a6 12. Bc4 b5 13. Bb3 Nc5 14. Bxc5 dxc5 15. Nd5 Nxd5 16. Bxd5 c4 $15 {
Dvoretsky,M-Tal,M/Erevan/1975/}) (9. Bc4 a6 (9... O-O 10. Bb3 (10. O-O-O a6 11.
Bb3 b5 12. Nd5 Nxd5 13. Bxd5 Rb8 14. Ba7 $16 {Morovic,I-Topalov,V/Las Palmas/
1994/}) 10... a6 11. Nh4 Nxe4 12. Nxe4 Bxh4 13. O-O-O Nc5 14. Bxc5 dxc5 15.
Bxf7+ Kh8 16. Qxd8 Bxd8 17. Bg6 b6 18. f3 Bc7 19. Nc3 Be6 20. Nd5 Bxd5 21. Rxd5
Rad8 $10 {Kuprejchik,V-Mestel,J/Hastings/1981/}) 10. a4 b6 11. Nh4 g6 12. O-O
Bb7 13. Nf3 Kf8 14. Nd5 Kg7 $10 {Djurhuus,R-Conquest,S/Copenhagen Open/1988/})
(9. a4 O-O 10. O-O Nb8 (10... Qc7 11. Bc4 (11. Qc4 Bd8 12. Rfd1 a6 13. Qxc7
Bxc7 14. Bd3 Ba5 $10 {Meyer,CD-Shuh,H/BL/1983/}) 11... Nc5 12. Bxc5 Qxc5 13.
Nd5 Nxd5 14. Bxd5 Be6 15. Rfd1 Rac8 16. c3 $14 {Dvoretsky,M-Geller,E/Erevan/
1975/}) 11. a5 (11. Bc4 Nc6 12. h3 Be6 13. Bxe6 fxe6 14. Rad1 Rc8 $10 {Sax,
Gy-Bronstein,D/Teeside/1975/}) (11. Nd5 Nxd5 12. Qxd5 Qc7 13. Nd2 Nc6 14. c3
Be6 15. Qd3 Rac8 16. Rfc1 Bg5 $10 {Unzicker,W-Nunn,J/BL/1987/}) 11... Nc6 12.
Nd5 Nxd5 13. exd5 Nb8 14. Nd2 Nd7 15. Nc4 Qc7 16. b4 Nf6 17. f3 Nh5 18. a6 $14
{Rozentalis,E-Smirin,I/Klaipeda/1988/}) 9... O-O 10. g4 a6 11. Bxd7 (11. Bc4 b5
$132) 11... Bxd7 12. g5 hxg5 13. Bxg5 Nh5 $5 {>< f4} 14. Bxe7 Qxe7 15. Nd5 $2 (
15. O-O-O $1 Qf6 (15... Nf4 16. Qxd6 Qxd6 17. Rxd6 Bxh3 18. Nxe5 $16) 16. Qxd6
Be6 $1 $8 (16... Qxf3 17. Qxd7 $16) 17. Qd3 (17. Nxe5 $2 Rad8 18. Qc5 b6 19.
Qc7 Rc8 20. Qd6 Rfd8 $17) 17... Nf4 18. Qe3 $13 (18. Qf1 Rac8 $44)) 15... Qd8
16. Qe3 Be6 $15 17. Nb6 Rb8 18. O-O-O Qc7 19. Rhg1 Nf4 {קh3} 20. Nh4 Qc5 $1
21. Rd2 Nxh3 (21... Qxe3 $2 22. fxe3 Nxh3 23. Rg3 $44 {קd6, פh3}) 22. Rg3 Nf4
23. Nf5 Bxf5 24. exf5 Rfd8 (24... Qxe3 $6 25. fxe3 Nh5 26. Rg5 $1 (26. Rh3 Nf6
27. Rdh2 g6 $13) 26... Nf6 27. Rdg2 $16) 25. f6 $2 (25. Nd7 Qxe3 26. Nf6+ Kf8
27. Nh7+ Ke7 28. fxe3 Rh8 29. exf4 Rxh7 $15) (25. Qxc5 $1 dxc5 26. Nd7 Rbc8 (
26... Rxd7 27. Rxd7 Ne2+ 28. Kd2 Nxg3 29. fxg3 $44) 27. Nxe5 Rxd2 28. Kxd2 Re8
29. Nd3 $10) 25... Qxe3 26. fxe3 Nh5 27. Rxg7+ Kf8 $1 (27... Nxg7 28. Rg2 d5
29. Rxg7+ Kf8 30. Rh7 Kg8 31. Rg7+ $10) 28. Rg1 Nxf6 $17 29. Rf2 Ne4 30. Rh2 {
/\Nd5~/=} Ke7 31. Nd5+ Ke6 32. Nc7+ (32. c4 Rh8 $17) 32... Kd7 33. Nd5 Rh8 34.
Rgh1 $6 (34. Rhg2 Rbf8 $17) 34... Rxh2 35. Rxh2 b5 $19 36. c3 Rg8 37. Kc2 Rg3
38. b4 Rf3 39. Kd3 Nf6 (39... f5 40. Rh7+ $17) 40. Ke2 Rf5 41. e4 $2 (41. Nxf6+
Rxf6 $19) 41... Nxe4 42. Ke3 Nf6 43. c4 bxc4 0-1